| 000 | 00768cam a2200241 4500 | ||
|---|---|---|---|
| 001 | ABS61580 | ||
| 008 | 000000n1999 000 0 eng u | ||
| 035 | _a(Sirsi) u102669 | ||
| 100 | _aRose, A. | ||
| 245 | _aInvesting in the rainbow nation | ||
| 260 | _c1999 | ||
| 490 |
_aEstates Gazette _v(9942) 23 October 1999, 60-62(3) |
||
| 520 | _aDiscusses South Africa's attempts to attract foreign investment, and to regenerate areas of Johannesburg using the PFI experience of officers from Birmingham City Council. | ||
| 590 | _aABS | ||
| 650 | _aSOUTH AFRICA | ||
| 650 | _aFOREIGN INVESTMENT | ||
| 650 | _aJOHANNESBURG | ||
| 650 | _aPROPERTY INVESTMENT | ||
| 650 | _aPFI | ||
| 650 | _aREGENERATION | ||
| 690 | _aOVERSEAS-REST OF THE WORLD | ||
| 942 | _n0 | ||
| 999 |
_c61662 _d61662 |
||